Statistiques concernant Les pays les moins visités du monde

Cliquez ici pour prendre le quiz!

Statistiques générales

  • Ce quiz a été pris 148 fois
  • Le résultat moyen est 14 sur 30

Statistiques - réponses

ClassementContinentNombre de visiteurs annuel (environ)Pays% Correct
28Asie100 000Corée du Nord
74%
1AfriqueMoins de 100Somalie
66%
13Asie20 000Afghanistan
57%
6Afrique5 500Soudan du Sud
57%
4Océanie2 000Tuvalu
55%
11Afrique14 000Mali
54%
5Océanie4 000Kiribati
53%
20Afrique51 000Djibouti
52%
18Afrique45 000Guinée
51%
29Afrique142 000Érythrée
50%
21Océanie54 000Tonga
50%
12Océanie19 000États fédérés de Micronésie
49%
2AsieMoins de 500Yémen
49%
8Afrique6 000Libye
48%
15Afrique30 000
Mauritanie
47%
7Océanie6 000Îles Marshall
47%
9Afrique8 000São Tomé et Príncipe
46%
19Afrique45 000Guinée-Bissau
45%
3AfriqueMoins de 1 000Guinée équatoriale
45%
22Afrique57 000Sierra Leone
42%
14Océanie27 000Îles Salomon
40%
10AsieMoins de 9 000Turkménistan
39%
17Afrique45 000Liberia
36%
26Europe84 000Saint-Marin
36%
27Europe85 000Liechtenstein
34%
16Afrique36 000Comores
32%
25Amérique du Nord80 000Saint-Vincent-et-les-Grenadines
32%
24Asie75 000Timor oriental
32%
30Europe145 000Moldavie
31%
23Amérique du Nord63 000Dominique
20%

Distribution des résultats

Percentile par nombre de réponses

% des personnes avec chaque résultat

Votre développement - résultats

Vous n’avez pas pris ce quiz